Statistics for NFL #1 draft picks

Click here to take the quiz!

General Stats

  • This quiz has been taken 439 times
  • The average score is 11 of 15

Answer Stats

HintAnswer% Correct
2012ColtsAndrew Luck
99%
2011PanthersCam Newton
98%
2009LionsMatthew Stafford
92%
2004ChargersEli Manning
89%
1998ColtsPeyton Manning
89%
2010RamsSam Bradford
84%
200549er'sAlex Smith
76%
2002TexansDavid Carr
70%
2007RaidersJaMarcus Russell
68%
2003BengalsCarson Palmer
67%
2001FalconsMichael Vick
67%
2006TexansMario Williams
55%
1999BrownsTim Couch
55%
2008DolphinsJake Long
53%
2000BrownsCourtney Brown
30%

Score Distribution

Percentile by Number Answered

Percent of People with Each Score

Your Score History

You have not taken this quiz